000 01013cam a2200253 4500
005 20230905135206.0
008 | mx gr 00| 0 spa|d
020 _a9684962797
050 0 4 _aF1291
_bC66 1994
245 0 0 _aCongregaciones civiles de Tulancingo
_c / Jesús Ruvalcaba Mercado, Ariane Baroni Boissonas (compiladores).
250 _a1a ed.
260 _aMéxico :
_bCentro de Investigaciones y Estudios Superiores en Antropología Social,
_c1994
300 _a195 p. ;
_c21 cm.
490 0 _aMiguel Othón de Mendizábal
504 _aIncluye bibliografía : p. 185-188 e índice
650 4 _aAgricultura
_zMéxico
_zHidalgo
650 4 _aIndios de México
_zTulancingo, (Hidalgo)
_xHistoria
_vFuentes
651 4 _aSanta Ana Tulancingo, Hidalgo
_xHistoria
_ySiglos XVI y XVII
651 4 _aHidalgo
_xHistoria
_ySiglos XVI y XVII
651 4 _aHidalgo
_vPoblación
700 1 _aRuvalcaba Mercado, Jesús,
_ecompilador
700 1 _aBaroni Boissonas, Ariane,
_ecompilador
942 _2lcc
_cLIB
999 _c64939
_d64939